logo

Bir Sreshtho Munshi Abdur Rouf Library
Jhenaidah Cadet College

ছায়াচ্ছন্ন হে আফ্রিকা : (Record no. 12371)

MARC details
000 -LEADER
fixed length control field 00935nam a2200229 a 4500
001 - CONTROL NUMBER
JCCL Control Number 12371
003 - CONTROL NUMBER IDENTIFIER
JCCL marc code BD-JhCC
005 - DATE AND TIME OF LATEST TRANSACTION
control field 20211115123615.0
008 - FIXED-LENGTH DATA ELEMENTS--GENERAL INFORMATION
fixed length control field 210601s2019 bg |||| |||| 000 0 ben d
020 ## - INTERNATIONAL STANDARD BOOK NUMBER
International Standard Book Number 9847012403020
035 ## - SYSTEM CONTROL NUMBER
system control number (BD-JhCC)12371
040 ## - CATALOGING SOURCE
Original cataloging agency BD-JhCC
Modifying agency BD-JhCC
041 ## - LANGUAGE CODE
Language code of Book Bengla
082 ## - DEWEY DECIMAL CLASSIFICATION NUMBER
Classification number 809.896
Author mark and Year SAY 2019
245 ## - TITLE STATEMENT
Title ছায়াচ্ছন্ন হে আফ্রিকা :
Remainder of title আফ্রিকী সাহিত্য-সংকলন /
Statement of responsibility, etc সম্পাদনায় ধ্রুব গুপ্ত ও কাজল বন্দ্যোপাধ্যায়।
260 ## - PUBLICATION, DISTRIBUTION, ETC. (IMPRINT)
Place of publication, distribution, etc ঢাকা :
Name of publisher, distributor, etc সাহিত্য প্রকাশ,
Date of publication, distribution, etc ২০১৯।
300 ## - PHYSICAL DESCRIPTION
Pagination ২৩৮ পৃ. :
Other physical details ২১ সেমি.
650 ## - SUBJECT ADDED ENTRY--TOPICAL TERM
Topical term or geographic name as entry element African literature
700 ## - ADDED ENTRY--PERSONAL NAME
Personal name গুপ্ত, ধ্রুব
700 ## - ADDED ENTRY--PERSONAL NAME
Personal name বন্দ্যোপাধ্যায়, কাজল
942 ## - ADDED ENTRY ELEMENTS (KOHA)
Source of classification or shelving scheme Dewey Decimal Classification
Koha item type Books
Holdings
Source of classification or shelving scheme Damaged status Not for loan Home library Current library Shelving location Date of accession Cost, normal purchase price Total Checkouts Full call number Barcode Date last seen Copy number Koha item type
Dewey Decimal Classification     JCC Rouf Library JCC Rouf Library General Stacks 06/01/2021 425.00   809.896 ‍SAY 2019 16652 11/15/2021 C-1 Books

JCC Library | Contacts | JCC Home

Last Update on 23 September 2017
Copyright @ 2017-2020 JCC Rouf Library
Rouf Library, Jhenidah Cadet College (JCC), Bangladesh